| 000 | 01717cam a22001934a 4500 | ||
|---|---|---|---|
| 005 | 20250605164005.0 | ||
| 008 | 250528s ||||||||||||||||||||||||d | ||
| 035 | _a15775 | ||
| 020 | _a9607306465 | ||
| 040 |
_aGR-AtMCL _bgre _dGR-AtMCL _eAACR2 |
||
| 245 | 1 | _aΔιεθνές Μάρκετινγκ | |
| 260 |
_bΣταμούλης, _c1993 |
||
| 300 | _a392 | ||
| 520 | _aΓενική Εισαγωγή στο Διεθνές Marketing και το Διεθνές Εμπόριο, Παράγοντες Περιβάλλοντος στο Δ.Μ., Έρευνα αγορών στο Δ.Μ. και Διεθνοποίηση Αγορών και Συστήματα Πληροφοριών στο Διεθνή Χώρο και Διεθνείς Οργανισμοί, Επιχειρησιακός Προγραμματισμός και Στόχοι Marketing Γενικών Εξαγωγών, Διεθνής Αγορά και Στρατηγικές Marketing, Στρατηγική και Σχέδια Ανάπτυξης Νέων Προιόντων στις Διεθνείς Αγορές, Η αγορά των Βιομηχανικών Προιόντων, Παράγοντες και Επιρροές κατά την Αγορά, Το Πρόβλημα της Διεθνούς Τιμολογιακής Πολιτικής και Καθορισμός Κόστους και Τιμής, Παράγοντες Επηρεασμού των Επικοινωνιών στο Δ.Μ, Εμπορικά Ονόματα και Σήματα, Κατηγορίες Διεθνών Εμπορικών Εκθέσεων, Παραρτήματα. | ||
| 700 | 1 |
_aΠατρινός Δημήτρης Θεοδ _91760 |
|
| 942 | _cBK | ||
| 999 |
_c1330 _d1330 |
||